000 00252nam a22001217a 4500
003 SGT
082 _a823
_bLEW
100 _aLEWIS C.S
245 _aTHE CHRONICLES OF NARNIA
260 _aLONDON
_bHARPER PUB
_c2009
300 _a266
942 _2ddc
_cBK
999 _c33892
_d33892